LEADER 01374nam a2200325 a 4500 001 000000123539 003 CaOOAMICUS 005 20101027095157.0 008 101027t2003 it a u000 u ita r 020 $a978-88-370-2041-5 040 $aPUL$bita 082 04$a703 100 1 $aDe Capoa, Chiara.$0(OLS)http://pul/name/77817 245 10$aEpisodi e personaggi dell'Antico Testamento /$cChiara De Capoa. 260 $aMilano :$bElecta,$c©2003. 300 $a351 p. :$bill. ;$c20 cm. 490 1 $aDizionari dell'arte 504 $aInclude bibliografia ed indice. 630 04$aBiblia.$pV.T.$xStoria degli eventi biblici.$0(OLS)http://pul/subject/9607 630 04$aBiblia.$pV.T.$xInterpretazioni allegoriche.$0(OLS)http://pul/subject/28394 650 4$aIconografia sacra.$0(OLS)http://pul/subject/25995 830 2$aI dizionari dell'arte.$0(OLS)http://pul/title/93900 850 $aPUL 852 $aPUL$W1$xSL Cons. Gen., Altre Classi 3$y75$m703 COLL 1.3$j142208$qDDC 21$B141189$CPULBib$Z2$F141189 $H115045 $82 941 1 $a9 996 $6020$a978-88-370-2041-5$9(OLS)http://pul/number/145729 996 $6082$a703$9(OLS)http://pul/classification/1705 996 $6245$aEpisodi e personaggi dell'Antico Testamento$9(OLS)http://pul/title/155690 996 $6260$aMilano :$bElecta$9(OLS)http://pul/publisher/48480 LEADER 01473nam a2200313 a 4500 001 000000172238 003 CaOOAMICUS 005 20190705085457.0 008 190705s2019 it 001 u ita r 020 $a978-88-28-80807-7* 032 $aLibriCat 040 $aPUL$bita 082 04$a345.45025 245 00$aContrasto a violenza e discriminazione di genere : $btutela della vittima e repressione dei reati /$ca cura di Paola Felicioni e Alessandra Sanna. 260 $aMilano :$bGiuffrè Francis Lefebvre,$c©2019. 300 $aXI, 376 p. ;$c24 cm. 650 4$aDonne$xViolenza.$0(OLS)http://pul/subject/45330 650 4$aDiscriminazione sessuale$xDonne$xDiritto penale.$0(OLS)http://pul/subject/46041 700 1 $aFelicioni, Paola.$0(OLS)http://pul/name/109314 700 1 $aSanna, Alessandra.$0(OLS)http://pul/name/66518 850 $aPUL 852 $aPUL$W1$xSL Diritto e Scienze Sociali 3$y79$m345. 45025 FELPA 1$j196173$qDDC 21$B200925$CPULBib$Z2$F200925 $H133029 $82 941 1 $a9 960 $aViolenza contro le donne$945330 996 $6020$a978-88-28-80807-7*$9(OLS)http://pul/number/166351 996 $6082$a345.45025$9(OLS)http://pul/classification/1880 996 $6245$aContrasto a violenza e discriminazione di genere : $btutela della vittima e repressione dei reati$9(OLS)http://pul/title/213151 996 $6260$aMilano :$bGiuffrè Francis Lefebvre$9(OLS)http://pul/publisher/86917